000
00266 a2200121 4500
001
75553
082
_a
629.13435 CFT
090
_c
39122
_d
39122
100
_a
CFT
245
_a
Aero Engine (Precis)
_h
English
260
_a
Risalpur
_b
CFT
_c
2001
300
_a
138p
942
_a
CAE NUST
_k
629.13435 CFT
999
_c
310626
_d
310626